Principles of physical biochemistry

Đã lưu trong:
书目详细资料
主要作者: Holde, Kensal E. Van
格式: 图书
语言:Undetermined
出版: New Jersey Prentice Hall 2005
主题:
标签: 添加标签
没有标签, 成为第一个标记此记录!
Thư viện lưu trữ: Trung tâm Học liệu Trường Đại học Cần Thơ
LEADER 00544nam a2200193Ia 4500
001 CTU_100061
008 210402s9999 xx 000 0 und d
020 |c 998000 
082 |a 572 
082 |b H726 
100 |a Holde, Kensal E. Van 
245 0 |a Principles of physical biochemistry 
245 0 |c Kensal E. Van Holde, W. Curtis Johnson, P. Shing Ho 
260 |a New Jersey 
260 |b Prentice Hall 
260 |c 2005 
650 |a Physical biochemistry 
904 |i Giang 
980 |a Trung tâm Học liệu Trường Đại học Cần Thơ